| 000 | 003470000a22001450004500 | ||
|---|---|---|---|
| 003 | MACL | ||
| 040 | _aMACL | ||
| 090 |
_c33237 _d33235 |
||
| 100 | _aD'souza Br. Eric S | ||
| 245 | _aChipping in A Text Book on Computer Literacy Uning Basic | ||
| 260 |
_bSkW Software _c1990 |
||
| 350 | _a85 | ||
| 650 | _aComputer science | ||
| 942 |
_cBOOK _k004/sou |
||
| 999 |
_c32888 _d32888 |
||